| 000 | 01550cam a22003977a 4500 | ||
|---|---|---|---|
| 003 | CHAP | ||
| 005 | 20220817043840.0 | ||
| 008 | 020801d2002 mx b r 00110 spa d | ||
| 010 | _a86026 | ||
| 011 | _a86998 | ||
| 035 | _a97539 | ||
| 040 | _cCHAP | ||
| 090 | _aTesis | ||
| 100 | 0 | 0 |
_aBasaldúa Suárez, José Francisco. _910672 |
| 245 | 1 | 0 |
_aDinámica espacio-temporal de la pudrición texana Phymatotrichopsis omnivora (Duggar) Hennebert, en nogal pecanero Carya illinoensis Koch, en la Comarca Lagunera _c/por José Francisco Basaldúa Suárez |
| 260 |
_aChapingo, Méx. : _bEl autor, _c2002. |
||
| 300 |
_a79 h. : _bgráfs. ; mapas. |
||
| 502 | _aTesis (M. C. en Protección Vegetal) -- UACH. Departamento de Parasitología Agrícola | ||
| 590 |
_aALEPH _b10 _c20130110 _lUCH01 _h1447 |
||
| 590 |
_aBATCH-UPD _b10 _c20130109 _lUCH01 _h2334 |
||
| 590 |
_aBATCH-UPD _b10 _c20130110 _lUCH01 _h0439 |
||
| 590 |
_aBATCH-UPD _b10 _c20130409 _lUCH01 _h1901 |
||
| 590 |
_aBATCH-UPD _b10 _c20130410 _lUCH01 _h0115 |
||
| 590 |
_aBATCH-UPD _b10 _c20130914 _lUCH01 _h0543 |
||
| 590 |
_aCONVERSION _b10 _c20130109 _lUCH01 _h1348 |
||
| 650 | 1 | 4 | _aEpidemiología. |
| 650 | 1 | 4 |
_aNogal _xEnfermedades. _981553 |
| 650 | 1 | 4 |
_aNogal _zComarca Lagunera. _981574 |
| 650 | 1 | 4 |
_aPudrición texana de la raíz. _992868 |
| 650 | 1 | 4 | _aSistemas de Información Geográfica. |
| 901 | _aBK | ||
| 905 | _aMayto Villalobos S. | ||
| 942 | _cFOLL | ||
| 949 |
_aTesis _bBC _cTES _d33724000850178 _eTS2 _fc.2 _h39559 _i97539 _si |
||
| 949 |
_aTesis _bBC _cTES _d9753912 _eTS1 _h39558 _i97539 _sb |
||
| 999 |
_c86026 _d86026 |
||